All 50k+ Cities in Portugal with a Map - Statistics

General Stats
  • This quiz has been taken 3,379 times
  • The average score is 9 of 17
Answers on the Map
Answers color-coded by a green-red scale on the quiz's map according to % correct below.
 
Answer Stats
Population City % Correct
552,700 Lisbon
99%
237,591 Porto
98%
136,885 Braga
84%
105,842 Coimbra
77%
111,541 Funchal
69%
98,131 Setúbal
68%
186,502 Vila Nova de Gaia
60%
60,058 Aveiro
56%
175,136 Amadora
54%
57,975 Viseu
48%
50,533 Leiria
47%
96,404 Almada
37%
63,353 Barreiro
23%
75,169 Queluz
21%
79,805 Agualva-Cacém
20%
56,847 Odivelas
20%
64,815 Rio Tinto
16%
No matching quizzes found
Score Distribution
Percent of People with Each Score
Percentile by Number Answered
Your Score History
You have not taken this quiz